[Event "AUT-ch U08"]
[Site "Schladming"]
[Date "2012.06.09"]
[Round "6.9"]
[White "Kicker, Elias"]
[Black "Rupprecht, Thomas"]
[Result "0-1"]
[WhiteElo "960"]
[BlackElo "1040"]
[PlyCount "50"]
[EventDate "2012.06.08"]
[EventType "swiss"]
[EventRounds "7"]
[EventCountry "AUT"]
[SourceTitle "EXT 2024"]
[Source "ChessBase"]
[SourceDate "2023.10.10"]
[SourceVersion "1"]
[SourceVersionDate "2023.10.10"]
[SourceQuality "1"]

1. e4 e5 2. Nc3 Nc6 3. Nf3 Nf6 4. d3 Bc5 5. Nxe5 Nxe5 6. d4 Bxd4 7. Qxd4 Nc6 8. Qd1 d6 9. Bg5 Bg4 10. Be2 Qd7 11. 0-0 0-0 12. Nd5 Nxd5 13. exd5 Ne5 14. h3 Bxh3 15. Bd3 Rfe8 16. Qh5 h6 17. Bxh6 gxh6 18. Qxh6 Qg4 19. Qh7+ Kf8 20. g3 Qf3 21. Be4 Qg4 22. Rfe1 Nf3+ 23. Kh1 Nxe1 24. Bf5 Qf3+ 25. Kh2 Qg2# 0-1

[Event "AUT-ch U08"]
[Site "Schladming"]
[Date "2012.06.08"]
[Round "3.7"]
[White "Kristoferitsch, Daniel"]
[Black "Kicker, Elias"]
[Result "1-0"]
[WhiteElo "935"]
[BlackElo "960"]
[PlyCount "99"]
[EventDate "2012.06.08"]
[EventType "swiss"]
[EventRounds "7"]
[EventCountry "AUT"]
[SourceTitle "EXT 2024"]
[Source "ChessBase"]
[SourceDate "2023.10.10"]
[SourceVersion "1"]
[SourceVersionDate "2023.10.10"]
[SourceQuality "1"]

1. e4 e5 2. Nf3 Nc6 3. Bc4 Bc5 4. c3 Nf6 5. d4 Nxe4 6. dxc5 Nxc5 7. Be3 0-0 8. Bxc5 d6 9. Be3 Qf6 10. Bg5 Qf5 11. Bd3 Qe6 12. Nbd2 Re8 13. 0-0 Nd4 14. cxd4 exd4 15. Nxd4 Qg4 16. Ne2 Qxg5 17. Ne4 Qg6 18. Nc5 Qg5 19. Ne4 Qg6 20. N4g3 Qg5 21. Qb3 Re6 22. Bc2 Qh4 23. Qc4 Qxc4 24. Rac1 Rh6 25. Bxh7+ Rxh7 26. Rxc4 Be6 27. Rxc7 Rc8 28. Rxb7 Rh6 29. Rxa7 Rg6 30. Nf4 Rf6 31. Ngh5 Rf5 32. a3 Bd5 33. b4 Rg5 34. Ng3 Re8 35. Rd1 Bc4 36. Rxd6 Re1+ 37. Nf1 Bxf1 38. h3 Rf5 39. Rh6 g6 40. Ra8+ Kg7 41. Rh4 Rg5 42. Ra7 Bxg2+ 43. Kh2 Bh1 44. Ne6+ Kf6 45. Nxg5 Kxg5 46. Rh8 Kf4 47. Rxf7+ Kg5 48. b5 Bd5 49. Rc7 Kf4 50. Rf8+ 1-0